000 00694nam a2200289Ia 4500
005 20260324133350.0
008 008 260324s9999 xx 000 0 eng d
020 _a9781003550556
037 _aEBOOK
040 _aCRL
040 _beng
040 _cCRL
041 _2eng
041 _aeng
084 _qCRL
100 _aRobert Leeson; Milton Friedman
_91192766
245 0 _aKeynes, Chicago and Friedman, Volume 1
245 0 _bStudy in Disputation
260 _bTaylor and Francis
260 _c2003
365 _a
365 _b230
856 _uhttp://www.taylorfrancis.com/books/9781003550556
942 _cEBOOK
999 _c1791787
_d1791787